Florida County Seats - Statistics

General Stats
  • This quiz has been taken 67 times
  • The average score is 36 of 67
Answer Stats
County County Seats % Correct
Duval Jacksonville
100%
Monroe Key West
100%
Orange Orlando
100%
Leon Tallahassee
97%
Hillsborough Tampa
97%
Broward Fort Lauderdale
94%
Miami-Dade Miami
94%
Alachua Gainesville
91%
Escambia Pensacola
91%
Palm Beach West Palm Beach
91%
Pinellas Clearwater
85%
Sarasota Sarasota
82%
Osceola Kissimmee
79%
Bay Panama City
76%
St. Johns St. Augustine
76%
Lee Fort Myers
74%
Marion Ocala
74%
Manatee Bradenton
68%
Brevard Titusville
68%
Columbia Lake City
62%
Gulf Port St. Joe
59%
Seminole Sanford
59%
Highlands Sebring
59%
St. Lucie Fort Pierce
56%
Putnam Palatka
56%
Collier East Naples
53%
Madison Madison
53%
Volusia DeLand
50%
Pasco Dade City
47%
Walton DeFuniak Springs
47%
Nassau Fernandina Beach
47%
Santa Rosa Milton
47%
Taylor Perry
47%
Gadsden Quincy
47%
Indian River Vero Beach
47%
DeSoto Arcadia
44%
Okaloosa Crestview
44%
Lafayette Mayo
44%
Okeechobee Okeechobee
44%
Martin Stuart
44%
Jackson Marianna
41%
Charlotte Punta Gorda
41%
Hardee Wauchula
41%
Franklin Apalachicola
38%
Polk Bartow
38%
Calhoun Blountstown
38%
Sumter Bushnell
38%
Dixie Cross City
38%
Citrus Inverness
38%
Suwannee Live Oak
38%
Flagler Bunnell
35%
Jefferson Monticello
35%
Bradford Starke
35%
Liberty Bristol
32%
Hernando Brooksville
32%
Washington Chipley
32%
Clay Green Cove Springs
32%
Hendry LaBelle
32%
Glades Moore Haven
32%
Lake Tavares
32%
Wakulla Crawfordville
29%
Hamilton Jasper
29%
Gilchrist Trenton
29%
Holmes Bonifay
26%
Union Lake Butler
26%
Baker Macclenny
26%
Levy Bronson
24%
No matching quizzes found
Score Distribution
Percent of People with Each Score
Percentile by Number Answered
Your Score History
You have not taken this quiz